Rasskazy /

Bibliographic Details
Main Author: Tikhonov, Nikolaĭ, 1896-1979
Format: Book
Language:Russian
Published: Moskva : Sov. pisatelʹ, 1991.

MARC

Tag First Indicator Second Indicator Subfields
LEADER 00000cam a2200000Ia 4500
001 in00002002805
005 20151031131038.0
008 920211s1991 ru 000 1 rusod
020 |a 526501201X 
035 |a (OCoLC)ocm25260611 
040 |a WAU  |c WAU  |d TXA  |d UtOrBLW 
049 |a TXAM 
090 |a PG3476.T5  |b A15 1991 
100 1 |a Tikhonov, Nikolaĭ,  |d 1896-1979. 
240 1 0 |a Works.  |k Selections.  |f 1991 
245 1 0 |a Rasskazy /  |c Nikolaĭ Tikhonov. 
264 1 |a Moskva :  |b Sov. pisatelʹ,  |c 1991. 
300 |a 268 pages ;  |c 20 cm. 
336 |a text  |b txt  |2 rdacontent 
337 |a unmediated  |b n  |2 rdamedia 
338 |a volume  |b nc  |2 rdacarrier 
948 |a cataloged  |b h  |c 2004/11/8  |d c  |e spoltoratski  |f 10:43:11 am 
994 |a E0  |b TXA 
999 |a MARS 
999 f f |s 6526a89c-6f01-35b4-823c-4d7d5fa49384  |i d01723f2-2257-3ca5-bcc1-feb31a2d0e88  |t 0 
952 f f |p ric  |a Texas A&M University  |b Rellis Campus  |c Joint Library Facility  |d Remote Storage  |t 0  |e PG3476.T5 A15 1991  |h Library of Congress classification  |i unmediated -- volume  |m A14831598091 
998 f f |a PG3476.T5 A15 1991  |t 0  |l Remote Storage